Central Library OPAC University of Rajshahi

The standard edition of the complete psychological works of Sigmund Freud / (Record no. 31226)

MARC details
000 -LEADER
fixed length control field 01395cam a2200373 a 4500
001 - CONTROL NUMBER
control field 31226
003 - CONTROL NUMBER IDENTIFIER
rucl marc code BD-RjUL
005 - DATE AND TIME OF LATEST TRANSACTION
control field 20211209051656.0
008 - FIXED-LENGTH DATA ELEMENTS--GENERAL INFORMATION
fixed length control field 140413s1953 enkac b 00| 0 engd
020 ## - INTERNATIONAL STANDARD BOOK NUMBER
International Standard Book Number 0876681356
International Standard Book Number 0701200677 (set)
035 ## - SYSTEM CONTROL NUMBER
System control number (BD-RjUL)31313
System control number 1080783
040 ## - CATALOGING SOURCE
Original cataloging agency LC
Language of cataloging eng
Transcribing agency LC
Modifying agency LC
-- BD-RjUL
041 1# - LANGUAGE CODE
Language code of text/sound track or separate title eng
Language code of original ger
082 00 - DEWEY DECIMAL CLASSIFICATION NUMBER
Classification number 150.1952
Edition number 19
Author mark and year FRS V-4 1953
100 1# - MAIN ENTRY--PERSONAL NAME
Personal name Freud, Sigmund,
Dates associated with a name 1856-1939.
9 (RLIN) 95005
245 14 - TITLE STATEMENT
Title The standard edition of the complete psychological works of Sigmund Freud /
Statement of responsibility, etc. translated from the German under the general editorship of James Strachey, in collaboration with Anna Freud, assisted by Alix Strachey and Alan Tyson.
Number of part/section of a work Volume IV (1900)
Name of part/section of a work The interpreation of Dreams (First part)
246 3# - VARYING FORM OF TITLE
Title proper/short title Complete psychological works of Sigmund Freud
260 ## - PUBLICATION, DISTRIBUTION, ETC. (IMPRINT)
Place of publication, distribution, etc. London :
Name of publisher, distributor, etc. Hogarth Press,
Date of publication, distribution, etc. 1953.
300 ## - PHYSICAL DESCRIPTION
Pagination xxxii,338 p. :
Illustrations ill. ;
Size 22 cm.
500 ## - GENERAL NOTE
General note Spine title: The complete psychological works of Sigmund Freud.
504 ## - BIBLIOGRAPHY, ETC. NOTE
Bibliography, etc Includes bibliographies.
650 #0 - SUBJECT ADDED ENTRY--TOPICAL TERM
Topical term or geographic name as entry element Psychoanalysis.
9 (RLIN) 95006
Topical term or geographic name as entry element Freudian theory.
9 (RLIN) 95007
Topical term or geographic name as entry element Psychoanalysis.
9 (RLIN) 95008
700 1# - ADDED ENTRY--PERSONAL NAME
Personal name Freud, Anna,
Dates associated with a name 1895-1982.
Personal name Richards, Angela.
Personal name Strachey, James,
Dates associated with a name 1887-1967.
942 ## - ADDED ENTRY ELEMENTS (KOHA)
Source of classification or shelving scheme Dewey Decimal Classification
Koha item type Books
Holdings
Lost status Source of classification or shelving scheme Damaged status Not for loan Collection code Permanent Location Current Location Shelving location Date acquired Total Checkouts Full call number Date last seen Copy number Koha item type
  Dewey Decimal Classification   Not For Loan Non-fiction Central Library, University of Rajshahi Central Library, University of Rajshahi Reading Room 13/04/2014   150.1952 FRS V-4 1953 13/04/2014 C-1 Books